El Censo de población de 1983 y su perspectiva ocupacional

Guardado en:
Bibliografiske detaljer
Hovedforfatter: Fleming Arias, Francisco
Andre forfattere: Sandoval Torres, Oscar
Format: Texto
Udgivet: San José :
Tags: Tilføj Tag
Ingen Tags, Vær først til at tagge denne postø!

MARC

LEADER 00000 a a2200000 04500
001 15200
003
040
090 |a EXTRAVIADO  
100 |a Fleming Arias, Francisco  
245 |a El Censo de población de 1983 y su perspectiva ocupacional   |a Fleming Arias, Francisco  
260 |a San José :  
300 |a 10 p.  
700 |a Sandoval Torres, Oscar  
999 |c 1150  |d 1150